|
|
|
|
| LEADER |
02305nam a2200625 a 4500 |
| 001 |
nkc20142564107 |
| 003 |
CZ PrNK |
| 005 |
20150209130934.0 |
| 007 |
ta |
| 008 |
140204s2014 xr abh f 000 0 cze |
| 015 |
|
|
|a cnb002564107
|
| 020 |
|
|
|a 978-80-244-3957-0
|q (brož.) :
|c neprodejné
|
| 035 |
|
|
|a (OCoLC)880868520
|
| 040 |
|
|
|a ABA001
|b cze
|d BOA001
|
| 041 |
0 |
|
|a cze
|b eng
|
| 043 |
|
|
|a s------
|a nw-----
|a n-us-la
|
| 072 |
|
7 |
|a 81
|x Lingvistika. Jazyky
|2 Konspekt
|9 11
|
| 080 |
|
|
|a 811.133.1
|2 MRF
|
| 080 |
|
|
|a 81'282.8
|2 MRF
|
| 080 |
|
|
|a 81'27/'28
|2 MRF
|
| 080 |
|
|
|a (736.3)
|2 MRF
|
| 080 |
|
|
|a (729)
|2 MRF
|
| 080 |
|
|
|a (8)
|2 MRF
|
| 080 |
|
|
|a (048.8)
|2 MRF
|
| 100 |
1 |
|
|a Kadlec, Jaromír,
|d 1967 leden 12.-
|7 mzk2005286722
|4 aut
|
| 245 |
1 |
0 |
|a Francouzština a kreolštiny v Louisianě, Karibiku a Jižní Americe /
|c Jaromír Kadlec, Jan Holeš
|
| 250 |
|
|
|a 1. vyd.
|
| 260 |
|
|
|a Olomouc :
|b Univerzita Palackého v Olomouci,
|c 2014
|
| 300 |
|
|
|a 226 s. :
|b il. (některé barev.), mapy, faksim. ;
|c 21 cm
|
| 500 |
|
|
|a Nad názvem: Univerzita Palackého v Olomouci, Filozofická fakulta
|
| 504 |
|
|
|a Obsahuje bibliografie a bibliografické odkazy
|
| 546 |
|
|
|a Anglické resumé
|
| 650 |
0 |
7 |
|a francouzština
|7 ph135297
|z Amerika
|2 czenas
|
| 650 |
0 |
7 |
|a kreolština
|7 ph121939
|z Amerika
|2 czenas
|
| 650 |
0 |
7 |
|a jazykový kontakt
|7 ph196645
|z Amerika
|2 czenas
|
| 650 |
0 |
7 |
|a jazyková situace
|7 ph137615
|z Amerika
|2 czenas
|
| 650 |
0 |
9 |
|a French language
|z America
|2 eczenas
|
| 650 |
0 |
9 |
|a Creole languages
|z America
|2 eczenas
|
| 650 |
0 |
9 |
|a languages in contact
|z America
|2 eczenas
|
| 650 |
0 |
9 |
|a language situation
|z America
|2 eczenas
|
| 651 |
|
7 |
|a Louisiana
|7 ge129873
|2 czenas
|
| 651 |
|
7 |
|a Karibská oblast
|7 ge149789
|2 czenas
|
| 651 |
|
7 |
|a Jižní Amerika
|7 ge129486
|2 czenas
|
| 651 |
|
9 |
|a Louisiana
|2 eczenas
|
| 651 |
|
9 |
|a Carribean Area
|2 eczenas
|
| 651 |
|
9 |
|a South America
|2 eczenas
|
| 655 |
|
7 |
|a monografie
|7 fd132842
|2 czenas
|
| 655 |
|
9 |
|a monographs
|2 eczenas
|
| 700 |
1 |
|
|a Holeš, Jan
|7 xx0018441
|4 aut
|
| 710 |
2 |
|
|a Univerzita Palackého.
|b Filozofická fakulta
|7 kn20010709373
|
| 910 |
2 |
|
|a BOA001
|b 2-1325.897
|
| 990 |
|
|
|a BK
|
| 995 |
|
|
|a 01
|
| 991 |
|
|
|b 201406
|c NOV
|e n
|
| 996 |
6 |
|
|b 2610590822
|c 2-1325.897
|l MZK
|r Sklad / do 1 hodiny
|n 1
|p p.v.
|w 001420053
|u 000010
|a 1
|e BOA001
|j MZK50
|s P
|